Southville International School and Colleges
Your cart is empty.
  • Cart
  • Lists
    Public lists Eva Luna New books Lux_list list_1
    Your lists Log in to create your own lists
  • Log in to your account
  • Your cookies
  • Search history
Southville International School and Colleges
  • Advanced search
  • Recent comments
  • Most popular
  • Libraries

Log in to your account

Log in with GOOGLE


If you do not have an external account, but do have a local account, you can still log in:

  1. Home
  2. MARC view: Advances in Tourism destination marketing :
Normal view MARC view ISBD view

Advances in Tourism destination marketing : (Record no. 23831)

[ view plain ]
MARC details
000 -LEADER
fixed length control field 00633nam a2200193 a 4500
003 - CONTROL NUMBER IDENTIFIER
control field PILC
005 - DATE AND TIME OF LATEST TRANSACTION
control field 20160223072734.0
008 - FIXED-LENGTH DATA ELEMENTS--GENERAL INFORMATION
fixed length control field 091208s19uu xx 00 eng d
020 ## - INTERNATIONAL STANDARD BOOK NUMBER
International Standard Book Number 0415492386
020 ## - INTERNATIONAL STANDARD BOOK NUMBER
International Standard Book Number 9780415492386
050 ## - LIBRARY OF CONGRESS CALL NUMBER
Classification number G 155.A1
Item number .Ad283 2010
245 ## - TITLE STATEMENT
Title Advances in Tourism destination marketing :
Remainder of title managing networks /
Statement of responsibility, etc edited by: Metin Kozak, Juergen Gnoth, Luisa Andreu.
260 ## - PUBLICATION, DISTRIBUTION, ETC. (IMPRINT)
Place of publication, distribution, etc London :
Name of publisher, distributor, etc Routledge,
Date of publication, distribution, etc 2010.
300 ## - PHYSICAL DESCRIPTION
Extent 257 pages :
Dimensions 24 cm.
Other physical details illustrations ;
500 ## - GENERAL NOTE
General note Includes bibliographical references and index.
650 ## - SUBJECT ADDED ENTRY--TOPICAL TERM
Topical term or geographic name as entry element Tourism
General subdivision Marketing.
942 ## - ADDED ENTRY ELEMENTS (KOHA)
Koha item type Books
Source of classification or shelving scheme Library of Congress Classification
Call number prefix Foreign
Holdings
Withdrawn status Lost status Source of classification or shelving scheme Damaged status Home library Current library Shelving location Date acquired Source of acquisition Total Checkouts Full call number Barcode Date last seen Copy number Price effective from Koha item type
    Library of Congress Classification   College Library College Library General Circulation Section 07/21/2010 Library Fund   G 155.A1 .Ad283 2010 C11004 05/15/2018 1 10/18/2013 Books

Advances in Tourism destination marketing :

APA

(2010). Advances in Tourism destination marketing. London: Routledge.

Chicago

2010. Advances in Tourism destination marketing. London: Routledge.

Harvard

(2010). Advances in Tourism destination marketing. London: Routledge.

MLA

Advances in Tourism destination marketing. London: Routledge. 2010.

  • Place hold
  • Print
  • Cite
  • Add to your cart (remove)
  • Save record
    BIBTEX Dublin Core MARCXML MARC (non-Unicode/MARC-8) MARC (Unicode/UTF-8) MARC (Unicode/UTF-8, Standard) MODS (XML) RIS
  • More searches
    Search for this title in:
    Other Libraries (WorldCat) Other Databases (Google Scholar) Online Stores (Bookfinder.com) Open Library (openlibrary.org)

Exporting to Dublin Core...

SOUTHVILLE LIBRARY

Southville International School and Colleges Library

1281 Tropical Ave. Cor. Luxembourg St., BF Homes International, Las Pinas City

Tel. No. 8256374 / 252358 Loc. 117/146

Powered by Koha